La planta química : desde la selección del proceso hasta la operación comercial /

Guardado en:
Otros Autores: Landau, Ralph., Cohan, Alvins S.
Formato: Libro
Idioma:Spanish
English
Publicado: México ; Argentina : Compañía Editorial Continental, 1970.
Materias:
Etiquetas: Agregar Etiqueta
Sin Etiquetas, Sea el primero en etiquetar este registro!
LEADER 01038nam a22002295a 4500
001 EIQ.libpla004172
008 080904s1970####mx#ao####b####001#0#spa#d
005 20080904194210.0
245 0 3 |a La planta química :  |b desde la selección del proceso hasta la operación comercial /  |c editor Ralph Landau ; editor auxiliar Alvin S. Cohan. 
260 |a México ;  |a Argentina :  |b Compañía Editorial Continental,  |c 1970. 
300 |a 2v. :  |b il., fotos ;  |c 26 cm. 
500 |a Título original en inglés: The chemical plant : from process selection to commercial operation. 
500 |a Traducido por: Salvador Ayanegui Jaritz. 
504 |a Incluye referencias bibliográficas e índice. 
700 1 |a Landau, Ralph. 
700 1 |a Cohan, Alvins S. 
650 4 |a Procesos  |x Fábrica de productos químicos. 
650 4 |a Processes  |x Chemical plant. 
040 |a AR-BbSID  |b spa  |c AR-BbSID 
041 1 |a spa  |h eng 
859 |a AR-BbSID  |b BIB. PLAPIQUI  |h 660.28  |i P 573  |p 1714  |v Pte. 1  |3 Pte. 1 
859 |a AR-BbSID  |b BIB. PLAPIQUI  |h 660.28  |i P 573  |p 1715  |v Pte. 2  |3 Pte. 2